Hotel house keeping: (Record no. 29955)

MARC details
000 -LEADER
fixed length control field 00852nam a22002297a 4500
005 - DATE AND TIME OF LATEST TRANSACTION
control field 20090903142957.0
008 - FIXED-LENGTH DATA ELEMENTS--GENERAL INFORMATION
fixed length control field 090903t xxu||||| |||| 00| 0 eng d
010 ## - LCCN (DPL NO)
LC control number B-328881
020 ## - INTERNATIONAL STANDARD BOOK NUMBER
Terms of availability 360.00
035 ## - SYSTEM CONTROL NUMBER
System control number B-328881
037 ## - SOURCE OF ACQUISITION
Source of stock number/acquisition UBH
082 ## - DEWEY DECIMAL CLASSIFICATION NUMBER
Classification number 647.94
100 ## - MAIN ENTRY--PERSONAL NAME
Personal name Raghubalan,G
245 ## - TITLE STATEMENT
Title Hotel house keeping:
Remainder of title operation and management /
Statement of responsibility, etc by G. Raghubalan and smriti Raghubalan
260 ## - PUBLICATION, DISTRIBUTION, ETC. (IMPRINT)
Place of publication, distribution, etc New Delhi
Name of publisher, distributor, etc Oxford University Press
Date of publication, distribution, etc 2008
270 ## - ADDRESS
Address New Delhi
300 ## - PHYSICAL DESCRIPTION
Extent 744p.
Dimensions 24cm (pbk))
700 ## - ADDED ENTRY--PERSONAL NAME
Personal name Raghubalan, Smriti
942 ## - ADDED ENTRY ELEMENTS (KOHA)
Source of classification or shelving scheme Dewey Decimal Classification
Item type English Books
Call number suffix RAG
Classification part 647.94
Holdings
Withdrawn status Lost status Source of classification or shelving scheme Damaged status Not for loan Home library Current library Date acquired Source of acquisition Cost, normal purchase price Total Checkouts Full call number Barcode Date last seen Copy number Cost, replacement price Koha item type
    Dewey Decimal Classification     New Rajendra Nagar New Rajendra Nagar 29/05/2009 BL1/RP/2009/UBH 360.00   RAG B-328881 03/09/2009 1 360.00 English Books

© Delhi Public Library
Hit Counter
free hit counter